000
00318 a2200157 4500
001
65377
020
_a
9788577343744
040
_c
Anchieta - Pituba
100
_a
Munhóz, Carolina
240
1
0
_a
Feérica
_l
245
1
0
_a
Feérica
300
_a
346
362
0
_a
2013
650
4
_a
Literatura juvenil
942
_c
BK
999
_c
65377
_d
65377